000 00435nam a2200181Ia 4500
001 10043
005 20260306161802.0
008 260306t2015||||xx |||||||||||||| ||spa||
041 _aESP
082 _aPE 869.56
_bV32M
100 _aVargas LLosa, Mario
_eAUT
245 0 _aLa civilización del espectáculo
260 _c2015
300 _a258 páginas :
_c19 cm.
650 _aGEN
654 _aCHU
942 _cLIB
_dJUS
_fJUS
_2ddc
_n
999 _c10043
_d10043